| 000 | 00452 a2200169 4500 | ||
|---|---|---|---|
| 003 | Nust | ||
| 005 | 20170207171611.0 | ||
| 040 | _cNust | ||
| 082 | _a005.1 | ||
| 100 | _aIqbal, Hasan BESE-17 | ||
| 245 |
_aKinect Based Enhancement of Cognitive Abilities _cHasan Iqbal, Aqsa Qamar, Wahaj Aayani |
||
| 260 |
_aRawalpindi _bMCS _cJune 2015 |
||
| 300 | _av, 120 p | ||
| 538 | _aAlmirah No 72 Shelf No 6 | ||
| 650 | _aUG Projects | ||
| 651 | _aUG CS Projects | ||
| 942 |
_2ddc _cBK |
||
| 999 |
_c217725 _d217725 |
||